Microcomputer systems the 8086/8088 family (Record no. 487)

MARC details
000 -LEADER
Fixed length control field 00621nam a22002057a 4500
003 - CONTROL NUMBER IDENTIFIER
Control field SEACOMMC
005 - DATE AND TIME OF LATEST TRANSACTION
Control field 20231114091912.0
008 - FIXED-LENGTH DATA ELEMENTS--GENERAL INFORMATION
Fixed length control field 231114b |||||||| |||| 00| 0 eng d
020 ## - INTERNATIONAL STANDARD BOOK NUMBER / ISBN
Price Rs. 250.00
040 ## - CATALOGING SOURCE
Original cataloging agency SEACOMMC
082 ## - DEWEY DECIMAL CLASSIFICATION NUMBER
Classification number 004.16
Book Number LIL
100 1# - MAIN ENTRY--PERSONAL NAME
Personal name Lill, Yu-Cheng
245 1# - TITLE STATEMENT
Title Microcomputer systems the 8086/8088 family
Sub title architecture, programming, and design
Statement of responsibility Yu-Cheng Lill and Glenn A. Gibson
260 ## - IMPRINT
Place of publication New Delhi
Name of publisher Prentice-Hall
Date of publication 2005
650 ## - SUBJECT ADDED ENTRY--TOPICAL TERM
Topical term Computer science
650 ## - SUBJECT ADDED ENTRY--TOPICAL TERM
Topical term Data processing & computer science
650 ## - SUBJECT ADDED ENTRY--TOPICAL TERM
Topical term Microcomputer systems
700 1# - ADDED ENTRY--PERSONAL NAME
Personal name Gibson, Glenn A.
942 ## - ADDED ENTRY ELEMENTS (KOHA)
Koha item type Books
Holdings
Withdrawn status Lost status Source of classification Damaged status Not for loan Home library Current library Date acquired Total Checkouts Call number Accession number Date last seen Price effective from Koha item type
    Dewey Decimal Classification     SEACOM MANAGEMENT COLLEGE SEACOM MANAGEMENT COLLEGE 06/03/2007   004.16 LIL 06279 14/11/2023 14/11/2023 Books
    Dewey Decimal Classification     SEACOM MANAGEMENT COLLEGE SEACOM MANAGEMENT COLLEGE 06/03/2007   004.16 LIL 06280 14/11/2023 14/11/2023 Books
© Seacom Engineering College, All rights reserved.    Powered by Koha